Countries whose Coastline is longer than its Borders - Statistics

General Stats
  • This quiz has been taken 906 times
  • The average score is 18 of 26
Answer Stats
C / B # B COUNTRY % Correct
1.66 2 U{nited States}
92%
34.41 2 U{nited Kingdom}
91%
1.88 14 Russia
88%
1.02 3 Chile
85%
19.33 3 Indonesia
84%
9.86 3 Norway
84%
1.09 2 Y{emen}
84%
2.59 5 Spain
83%
1.19 11 France
78%
3.93 6 Italy
78%
2.14 3 Mexico
78%
1.44 2 S{weden}
76%
1.52 2 U{nited Arab Emirates}
75%
11.14 4 Greece
74%
1.75 3 Malaysia
72%
4.49 2 P{anama}
68%
2.72 8 Turkey
66%
1.52 3 Oman
65%
1.42 3 Somalia
62%
2.02 2 C{osta Rica}
59%
5.99 2 E{stonia}
59%
1.37 3 Eritrea
52%
1.08 2 K{uwait}
50%
1.11 2 E{cuador}
49%
2.85 5 Croatia
47%
1.49 3 North Korea
46%
No matching quizzes found
Score Distribution
Percent of People with Each Score
Percentile by Number Answered
Your Score History
You have not taken this quiz